The flower thief / (Record no. 405791)
[ view plain ]
| 000 -LEADER | |
|---|---|
| fixed length control field | 01718cam a22004458i 4500 |
| 001 - CONTROL NUMBER | |
| control field | 23939912 |
| 005 - DATE AND TIME OF LATEST TRANSACTION | |
| control field | 20250320133618.0 |
| 008 - FIXED-LENGTH DATA ELEMENTS--GENERAL INFORMATION | |
| fixed length control field | 241204s2025 ilu b 000 1 eng |
| 010 ## - LIBRARY OF CONGRESS CONTROL NUMBER | |
| LC control number | 2024053846 |
| 020 ## - INTERNATIONAL STANDARD BOOK NUMBER | |
| International Standard Book Number | 9781464239502 |
| Qualifying information | (hardcover) |
| 020 ## - INTERNATIONAL STANDARD BOOK NUMBER | |
| Cancelled/invalid ISBN | 9781464239519 |
| Qualifying information | (epub) |
| 020 ## - INTERNATIONAL STANDARD BOOK NUMBER | |
| Cancelled/invalid ISBN | 9781464239526 |
| Qualifying information | (pdf) |
| 040 ## - CATALOGING SOURCE | |
| Original cataloging agency | DLC |
| Language of cataloging | eng |
| Description conventions | rda |
| Transcribing agency | DLC |
| 042 ## - AUTHENTICATION CODE | |
| Authentication code | pcc |
| -- | cyac |
| 050 00 - LIBRARY OF CONGRESS CALL NUMBER | |
| Classification number | PZ7.1.H459 |
| Item number | Fl 2025 |
| 082 00 - DEWEY DECIMAL CLASSIFICATION NUMBER | |
| Classification number | [E] |
| Edition number | 23 |
| 092 ## - LOCALLY ASSIGNED DEWEY CALL NUMBER (OCLC) | |
| Classification number | children picture book |
| Item number | Hemming |
| 100 1# - MAIN ENTRY--PERSONAL NAME | |
| Personal name | Hemming, Alice, |
| Relator term | author. |
| 9 (RLIN) | 6424821 |
| 240 10 - UNIFORM TITLE | |
| Uniform title | <a href="That's my flower">That's my flower</a> |
| 245 14 - TITLE STATEMENT | |
| Title | The flower thief / |
| Statement of responsibility, etc | Alice Hemming ; [illustrated by] Nicola Slater. |
| 263 ## - PROJECTED PUBLICATION DATE | |
| Projected publication date | 2505 |
| 264 #1 - Production, Publication, Distribution, Manufacture, and Copyright Notice. | |
| Place of production, publication, distribution, manufacture | Naperville, Illinois : |
| Name of producer, publisher, distributor, manufacturer | Sourcebooks Jabberwocky, |
| Date of production, publication, distribution, manufacture, or copyr | 2025. |
| 300 ## - PHYSICAL DESCRIPTION | |
| Extent | pages cm |
| 336 ## - Content Type | |
| Content type term | text |
| 336 ## - Content Type | |
| Content type term | still image |
| 337 ## - Media type | |
| Media type term | unmediated |
| 338 ## - Carrier type | |
| Carrier type term | volume |
| 500 ## - GENERAL NOTE | |
| General note | Originally published as That's My Flower in 2023 in the UK by Scholastic Children's Books. |
| 520 ## - SUMMARY, ETC. | |
| Summary, etc | Squirrel is apprehensive about the arrival of Spring until he spots a wildflower and tries to claim it as his own, not understanding his overbearing protectiveness is doing more harm than good. Includes information on flowers. |
| 521 ## - TARGET AUDIENCE NOTE | |
| Target audience note | Ages 4-8. |
| Source | Sourcebooks Jabberwocky. |
| 521 ## - TARGET AUDIENCE NOTE | |
| Target audience note | Grades K-1. |
| Source | Sourcebooks Jabberwocky. |
| 650 #1 - SUBJECT ADDED ENTRY--TOPICAL TERM | |
| Topical term or geographic name as entry element | Squirrels |
| Form subdivision | Fiction. |
| 9 (RLIN) | 5674794 |
| 650 #1 - SUBJECT ADDED ENTRY--TOPICAL TERM | |
| Topical term or geographic name as entry element | Animals |
| Form subdivision | Fiction. |
| 9 (RLIN) | 5678722 |
| 650 #1 - SUBJECT ADDED ENTRY--TOPICAL TERM | |
| Topical term or geographic name as entry element | Spring |
| Form subdivision | Fiction. |
| 9 (RLIN) | 5700158 |
| 650 #1 - SUBJECT ADDED ENTRY--TOPICAL TERM | |
| Topical term or geographic name as entry element | Flowers |
| Form subdivision | Fiction. |
| 9 (RLIN) | 5730160 |
| 655 #7 - INDEX TERM--GENRE/FORM | |
| Genre/form data or focus term | Animal fiction. |
| Source of term | lcgft |
| 9 (RLIN) | 5748285 |
| 655 #7 - INDEX TERM--GENRE/FORM | |
| Genre/form data or focus term | Picture books. |
| Source of term | lcgft |
| 700 1# - ADDED ENTRY--PERSONAL NAME | |
| Personal name | Slater, Nicola, |
| Relator term | illustrator. |
| 9 (RLIN) | 6298896 |
| 942 ## - ADDED ENTRY ELEMENTS (KOHA) | |
| Source of classification or shelving scheme | Dewey Decimal Classification |
| Koha item type | BOOK |
| Withdrawn status | Lost status | Source of classification or shelving scheme | Damaged status | Not for loan | Collection code | Home library | Current library | Shelving location | Date acquired | Source of acquisition | Total Checkouts | Total Renewals | Full call number | Barcode | Checked out | Date last seen | Date checked out | Cost, replacement price | Price effective from | Koha item type |
|---|---|---|---|---|---|---|---|---|---|---|---|---|---|---|---|---|---|---|---|---|
| Long Overdue (Lost) | Dewey Decimal Classification | Children Picture Books | Wasatch County Library | Wasatch County Library | Main Floor Childrens Area | 03/20/2025 | 3 | 2 | E Hemming | 34301002149963 | 06/18/2025 | 04/22/2025 | 04/22/2025 | 17.99 | 03/20/2025 | BOOK |
